Statistiques concernant Les 100 « plus grands Français » de l’Histoire

Cliquez ici pour prendre le quiz!

Statistiques générales

  • Ce quiz a été pris 2 950 fois
  • Le résultat moyen est 34 sur 100

Statistiques - réponses

ClassementRéponse% Correct
1. PrésidentCharles de Gaulle
98%
6. ÉcrivainVictor Hugo
83%
21. FootballeurZinédine Zidane
83%
50. Roi de FranceLouis XIV
82%
4. ScientifiqueMarie Curie
79%
42. PrésidentJacques Chirac
74%
5. HumoristeColuche
73%
8. DramaturgeMolière
73%
16. EmpereurNapoléon Bonaparte
68%
56. Chanteur-TennismanYannick Noah
68%
2. ScientifiqueLouis Pasteur
67%
10. ChanteuseEdith Piaf
66%
3. PrêtreAbbé Pierre
65%
17. ActeurLouis de Funès
64%
31. Héroïne-Cheffe de guerreJeanne D’Arc
62%
24. PrésidentFrançois Mitterand
60%
26. ÉcrivainÉmile Zola
59%
44. PrésidentGeorges Pompidou
58%
28. RésistantJean Moulin
57%
61. Magistrate-Femme d’ÉtatSimone Veil
54%
22. EmpereurCharlemagne
53%
34. ChanteurJohnny Hallyday
52%
41. FootballeurMichel Platini
52%
33. PhilosopheVoltaire
51%
51. JudokaDavid Douillet
48%
82. PoèteCharles Baudelaire
45%
53. ChanteurJean-Jacques Goldman
45%
29. ChanteurCharles Aznavour
44%
64. Sélectionneur (football)Aimé Jacquet
43%
7. Acteur-HumoristeBourvil
43%
36. ChanteurClaude François
41%
14. PoèteJean de la Fontaine
41%
84. PoèteArthur Rimbaud
40%
75. PeintreClaude Monet
40%
71. PhilosopheJean-Jacques Rousseau
40%
38. ActeurJean-Paul Belmondo
40%
9. MarinCommandant Cousteau
37%
99. ActeurGérard Depardieu
37%
62. ActeurAlain Delon
35%
57. Écrivain-PhilosopheAlbert Camus
34%
19. ChanteurDaniel Balavoine
34%
70. PoètePaul Verlaine
34%
67. ÉcrivainGuy de Maupassant
33%
96. Écrivain-PhilosopheJean-Paul Sartre
33%
69. ÉcrivainHonoré de Balzac
32%
12. ChanteurGeorge Brassens
30%
18. ActeurJean Gabin
30%
81. CyclisteRaymond Poulidor
30%
20. ChanteurSerge Gainsbourg
29%
85. Président-Chef de guerreGeorges Clémenceau
28%
78. Animateur téléMichel Drucker
28%
45. ChanteurMichel Sardou
28%
72. Homme politiqueMaximilien de Robespierre
26%
83. DramaturgePierre Corneille
26%
80. Chef de guerreVercingétorix
26%
58. ChanteuseDalida
25%
23. Acteur (origine italienne)Lino Ventura
25%
100. Pédiatre-Psychanalyste (femme)Françoise Dolto
24%
87. Syndicaliste agricoleJosé Bové
24%
91. RéalisateurLuc Besson
24%
97. ActriceCatherine Deneuve
23%
13. Acteur-HumoristeFernandel
23%
25. ArchitecteGustave Eiffel
23%
73. ChanteurRenaud
23%
66. ActriceBrigitte Bardot
22%
68. ÉcrivainAlexandre Dumas
21%
32. Chef militaireMaréchal Leclerc
21%
15. ÉcrivainJules Verne
20%
30. Chanteur-ActeurYves Montand
20%
77. PeintreAuguste Renoir
19%
49. NavigateurÉric Tabarly
19%
94. RéalisateurJean Renoir
19%
63. JournalistePatrick Poivre d’Arvor
19%
35. ÉcrivainAntoine de Saint-Exupéry
18%
65. ChanteurFrancis Cabrel
18%
48. PoèteJacques Prévert
18%
27. ReligieuseSœur Emmanuelle
18%
54. Homme politiqueJean Jaurès
17%
39. Homme d’ÉtatJules Ferry
16%
43. ChanteurCharles Trenet
15%
47. VolcanologueHaroun Tazieff
15%
89. Homme d’étatLionel Jospin
14%
40. Ingénieur-InventeurLouis Lumière
14%
46. Actrice-ÉcrivaineSimone Signoret
14%
11. ÉcrivainMarcel Pagnol
13%
93. Historien-Militant pour le sportPierre de Coubertin
13%
88. ChanteurJean Ferrat
12%
90. Poète-CinéasteJean Cocteau
10%
74. Médecin-Homme politiqueBernard Kouchner
9%
59. Journaliste-Animateur TéléLéon Zitrone
9%
92. ChanteurTino Rossi
8%
95. ActeurGérard Philippe
7%
52. ChanteurHenri Salvador
7%
55. ActeurJean Marais
7%
60. Journaliste-Homme politiqueNicolas Hulot
7%
86. Chanteur-PianisteGilbert Bécaud
6%
76. ActeurMichel Serrault
5%
98. Acteur-ChanteurSerge Reggiani
5%
37. ChirurgienChristian Cabrol
4%
79. ActeurRaimu
4%

Distribution des résultats

Percentile par nombre de réponses

% des personnes avec chaque résultat

Votre développement - résultats

Vous n’avez pas pris ce quiz